Остров: роман; пер. с англ.

Opis bibliograficzny
1. autor: Хислоп В. Виктория
Kolejni autorzy: Голубева Т. Татьяна (переводчик)
Streszczenie:Ее длинные темные волосы развевались на ветру, а походка была уставшей. Лодка качалась в прохладных волнах, осталось лишь опуститься в нее. И всё— в прежнюю жизнь больше не будет возврата. Героиня романа Алекс Филдинг хочет побольше узнать о прошлом своей матери, но та тщательно скрывает его: известно лишь, что она выросла в маленьком городке на острове Крит и в юности перебралась в Лондон. Во время путешествия по Криту Алекс приезжает в селение Плака, где до сих пор живет подруга родственницы ее матери. Деревушка ничем не примечательна. Одно из многочисленных поселений, затерявшихся на греческих землях. Горы, синь моря, а сквозь эту синь виден небольшой остров, что стыдливо хранит свою боль. Какую роль в жизни ее предков сыграл этот остров и какие тайны скрывает внешне благополучная жизнь?.
Język:rosyjski
Wydane: Санкт-Петербург, Азбука, 2015
Hasła przedmiotowe:
Format: Książka
KOHA link:https://koha.lib.tpu.ru/cgi-bin/koha/opac-detail.pl?biblionumber=345419

MARC

LEADER 00000nam0a2200000 4500
001 345419
005 20231102005754.0
010 |a 9785389098848 
035 |a (RuTPU)RU\TPU\book\377256 
090 |a 345419 
100 |a 20201119d2015 m y0rusy50 ca 
101 1 |a rus  |c eng 
102 |a RU 
105 |a y z 000ay 
200 1 |a Остров  |e роман  |e пер. с англ.  |f В. Хислоп  |g пер. Т. Голубевой 
210 |a Санкт-Петербург  |c Азбука  |c Азбука-Аттикус  |d 2015 
215 |a 448 с. 
330 |a Ее длинные темные волосы развевались на ветру, а походка была уставшей. Лодка качалась в прохладных волнах, осталось лишь опуститься в нее. И всё— в прежнюю жизнь больше не будет возврата. Героиня романа Алекс Филдинг хочет побольше узнать о прошлом своей матери, но та тщательно скрывает его: известно лишь, что она выросла в маленьком городке на острове Крит и в юности перебралась в Лондон. Во время путешествия по Криту Алекс приезжает в селение Плака, где до сих пор живет подруга родственницы ее матери. Деревушка ничем не примечательна. Одно из многочисленных поселений, затерявшихся на греческих землях. Горы, синь моря, а сквозь эту синь виден небольшой остров, что стыдливо хранит свою боль. Какую роль в жизни ее предков сыграл этот остров и какие тайны скрывает внешне благополучная жизнь?. 
606 1 |a Английская литература  |2 stltpush  |3 (RuTPU)RU\TPU\subj\29042  |9 52454 
610 1 |a художественная литература 
610 1 |a женская проза 
610 1 |a романы 
675 |a 82  |v 4 
700 1 |a Хислоп  |b В.  |g Виктория 
702 1 |a Голубева  |b Т.  |g Татьяна  |4 730 
801 1 |a RU  |b 63413507  |c 20201119 
801 2 |a RU  |b 63413507  |c 20201204  |g RCR 
942 |c BK